Final 100m Homme - Jeux Olympiques Tokyo 2021 - Statistiques

Statistiques générales
  • Ce quiz a été pris 44 fois
  • Le résultat moyen est 5 sur 8
Statistiques - réponses
Rang Couloir Athlète Pays Temps % Correct
1 3 Marcell Jacobs Italie 9"80
94%
3 9 Andre De Grasse Canada 9"89
88%
4 2 Akani Simbine Afrique du Sud 9"93
71%
2 5 Fred Kerley États-Unis 9"84
71%
6 6 Su Bingtian Chine 9"98
65%
4 Zharnel Hughes Grande-Bretagne DQ
53%
5 7 Ronnie Baker États-Unis 9"95
26%
8 Enoch Adegoke Nigeria DNF
9%
Aucun quiz correspondant
Distribution des résultats
% des personnes avec chaque résultat
Percentile par nombre de réponses
Votre historique - résultats
Vous n’avez pas pris ce quiz